|
|
|
|
| LEADER |
01066nam a22002537a 4500 |
| 001 |
39214 |
| 003 |
BD-DhAAL |
| 008 |
220721t2022 bg ||||| |||| 00| 0 ben d |
| 999 |
|
|
|c 44615
|d 44615
|
| 020 |
|
|
|a 9789843518569
|
| 040 |
|
|
|a BD-DhAAL
|c BD-DhAAL
|
| 041 |
|
|
|a ben
|
| 082 |
|
|
|a 342.5492
|
| 100 |
|
|
|a রেজা, সেলিম
|9 50138
|
| 245 |
|
|
|a ব্যাবহারিক সংবিধান /
|c সেলিম রেজা
|
| 246 |
|
|
|a Applied constitution :
|b a textbook for basiz understanding of the constitution of Bangladesh
|
| 260 |
|
|
|a ঢাকা :
|b wisdom,
|c ২০২২.
|
| 300 |
|
|
|a xiii, ৫৫৬ পৃষ্ঠা
|b চিত্র ;
|c ২৫ সে.মি.
|
| 541 |
|
|
|a Complimentary copy
|e 39214
|
| 650 |
|
|
|a Constitutional law
|z Bangladesh.
|9 50139
|
| 650 |
|
|
|a Law.
|9 50140
|
| 852 |
|
|
|a Ayesha Abed Library
|c General Stacks
|
| 942 |
|
|
|2 ddc
|c BK
|
| 952 |
|
|
|0 0
|1 0
|2 ddc
|4 0
|6 342_549200000000000_REZ
|7 0
|9 71317
|a BRACUL
|b BRACUL
|c GEN
|d 2022-07-21
|e Complimentary copy from School of Law
|l 0
|o 342.5492 REZ
|p 3010039214
|r 2022-07-21
|t 1
|w 2022-07-21
|y BK
|